[Event "33rd Pula Open 2019"]
[Site "Pula"]
[Date "2019.06.25"]
[Round "5.8"]
[White "Tisaj, Domen"]
[Black "Halfhide, Sebastian"]
[Result "1-0"]
[WhiteElo "2232"]
[BlackElo "2286"]
[Annotator "NA"]
[PlyCount "101"]
[EventDate "2019.06.22"]
[EventType "swiss"]
[EventCountry "CRO"]
[SourceTitle "playchess.com"]
[Source "ChessBase"]
[SourceQuality "1"]
[TimeControl "5400+30"]

1. d4 {[%emt 0:00:30]} Nf6 {[%emt 0:02:30]} 2. c4 {[%emt 0:00:00]} e6 {[%emt 0:00:30]} 3. Nc3 {[%emt 0:00:00]} Bb4 {[%emt 0:00:30]} 4. e3 {[%emt 0:00:30]} O-O {[%emt 0:01:30]} 5. Nge2 {[%emt 0:00:00]} c6 {[%emt 0:03:30]} 6. a3 {[%emt 0:00:00]} Ba5 {[%emt 0:00:30]} 7. Bd2 {[%emt 0:02:30]} d5 {[%emt 0:00:30]} 8. Ng3 {[%emt 0:00:30]} Nbd7 {[%emt 0:03:30]} 9. Be2 {[%emt 0:00:00]} dxc4 {[%emt 0:02:30]} 10. Bxc4 {[%emt 0:00:00]} e5 {[%emt 0:02:30]} 11. O-O {[%emt 0:00:30]} Bc7 {[%emt 0:00:30]} 12. dxe5 {[%emt 0:18:30]} Nxe5 {[%emt 0:03:30]} 13. Be2 {[%emt 0:00:00]} Bg4 {[%emt 0:10:30]} 14. h3 {[%emt 0:14:00]} Bxe2 {[%emt 0:01:30]} 15. Ncxe2 {[%emt 0:00:30]} Nc4 {[%emt 0:18:30]} 16. Bc3 {[%emt 0:00:30]} Be5 {[%emt 0:02:30]} 17. Qc2 {[%emt 0:05:30]} Bxc3 {[%emt 0:04:30]} 18. Qxc3 {[%emt 0:00:30]} Nb6 {[%emt 0:00:30]} 19. e4 {[%emt 0:01:30]} Re8 {[%emt 0:01:30]} 20. f3 {[%emt 0:01:30]} Nbd7 {[%emt 0:04:30]} 21. Nf5 {[%emt 0:02:30]} Qb6+ {[%emt 0:02:30]} 22. Kh1 {[%emt 0:00:30]} Qc5 {[%emt 0:00:30]} 23. Rfd1 {[%emt 0:05:30]} Qxc3 {[%emt 0:01:30]} 24. Nxc3 {[%emt 0:00:30]} Nb6 {[%emt 0:00:30]} 25. b3 {[%emt 0:00:30]} g6 {[%emt 0:03:30]} 26. Nd6 {[%emt 0:04:30]} Re7 {[%emt 0:00:30]} 27. g3 {[%emt 0:04:30]} Ne8 {[%emt 0:09:07]} 28. f4 {[%emt 0:02:30]} Rd8 {[%emt 0:01:13]} 29. Nxe8 {[%emt 0:00:30]} Rexe8 {[%emt 0:00:28]} 30. e5 {[%emt 0:00:30]} f5 {[%emt 0:02:00]} 31. Kg2 {[%emt 0:03:30]} Kf7 {[%emt 0:00:48]} 32. Kf3 {[%emt 0:00:30]} Ke6 {[%emt 0:00:32]} 33. g4 {[%emt 0:01:30]} Rf8 {[%emt 0:07:37]} 34. Ne2 {[%emt 0:01:30]} c5 {[%emt 0:02:28]} 35. b4 {[%emt 0:05:30]} fxg4+ {[%emt 0:00:39]} 36. hxg4 {[%emt 0:00:30]} Nc4 {[%emt 0:00:28]} 37. Kg3 {[%emt 0:04:30]} Nb2 {[%emt 0:03:42]} 38. Rxd8 {[%emt 0:02:30]} Rxd8 {[%emt 0:00:01]} 39. bxc5 {[%emt 0:00:00]} Na4 {[%emt 0:00:21]} 40. Rc1 {[%emt 0:01:00]} g5 {[%emt 0:00:59]} 41. c6 {[%emt 0:00:00]} bxc6 {[%emt 0:00:29]} 42. Rxc6+ {[%emt 0:00:00]} Kd5 {[%emt 0:00:24]} 43. Ra6 {[%emt 0:00:30]} Nc5 {[%emt 0:00:27]} 44. Rxa7 {[%emt 0:00:30]} Ne4+ {[%emt 0:01:02]} 45. Kf3 {[%emt 0:01:30]} Nd2+ {[%emt 0:00:06]} 46. Ke3 {[%emt 0:00:30]} Nc4+ {[%emt 0:02:07]} 47. Kd3 {[%emt 0:00:30]} gxf4 {[%emt 0:01:41]} 48. Nxf4+ {[%emt 0:00:30]} Kc5+ {[%emt 0:00:37]} 49. Kc3 {[%emt 0:00:58]} Nxe5 {[%emt 0:00:44]} 50. Ra5+ {[%emt 0:00:05]} Kd6 {[%emt 0:00:19]} 51. Rd5+ {[%emt 0:00:27]} 1-0

[Event "33rd Pula Open 2019"]
[Site "Pula"]
[Date "2019.06.25"]
[Round "5.9"]
[White "Purgar, Ivona"]
[Black "Franciskovic, Borka"]
[Result "1/2-1/2"]
[WhiteElo "2194"]
[BlackElo "2261"]
[Annotator "NA"]
[PlyCount "32"]
[EventDate "2019.06.22"]
[EventType "swiss"]
[EventCountry "CRO"]
[SourceTitle "playchess.com"]
[Source "ChessBase"]
[SourceQuality "1"]
[TimeControl "5400+30"]

1. e4 {[%emt 0:00:30]} c6 {[%emt 0:00:30]} 2. d4 {[%emt 0:00:00]} d5 {[%emt 0:00:00]} 3. Nc3 {[%emt 0:00:00]} dxe4 {[%emt 0:00:00]} 4. Nxe4 {[%emt 0:00:00]} Nf6 {[%emt 0:00:30]} 5. Nxf6+ {[%emt 0:00:00]} exf6 {[%emt 0:00:00]} 6. c3 {[%emt 0:00:30]} Bd6 {[%emt 0:00:00]} 7. Bd3 {[%emt 0:03:30]} O-O {[%emt 0:00:30]} 8. Ne2 {[%emt 0:01:30]} Re8 {[%emt 0:02:30]} 9. Be3 {[%emt 0:08:30]} Nd7 {[%emt 0:04:30]} 10. Qc2 {[%emt 0:02:30]} Nf8 {[%emt 0:03:30]} 11. O-O {[%emt 0:04:30]} Qc7 {[%emt 0:17:30]} 12. Ng3 {[%emt 0:11:30]} Bd7 {[%emt 0:15:30]} 13. Rfe1 {[%emt 0:16:30]} Rad8 {[%emt 0:02:30]} 14. c4 {[%emt 0:07:30]} Bc8 {[%emt 0:09:30]} 15. a3 {[%emt 0:06:30]} h5 {[%emt 0:07:30]} 16. Nf1 {[%emt 0:14:54]} Ne6 {[%emt 0:16:59]} 1/2-1/2

[Event "33rd Pula Open 2019"]
[Site "Pula"]
[Date "2019.06.25"]
[Round "5.10"]
[White "Jurman, Pjerino"]
[Black "Zelcic, Robert"]
[Result "0-1"]
[WhiteElo "1936"]
[BlackElo "2518"]
[Annotator "TA"]
[PlyCount "146"]
[EventDate "2019.06.22"]
[EventType "swiss"]
[EventCountry "CRO"]
[SourceTitle "playchess.com"]
[Source "ChessBase"]
[SourceQuality "1"]

{[%evp 9,146,0,0,10,0,0,0,0,20,18,33,0,8,-18,-15,-15,-17,-14,-16,-14,0,-28,0,0,81,80,78,73,62,63,71,74,62,60,77,70,83,65,137,137,137,137,137,137,137,137,141,143,145,141,254,44,214,227,411,401,391,407,397,400,398,364,356,238,218,0,137,132,249,252,262,262,262,253,368,366,445,425,455,448,687,650,701,666,658,528,513,511,331,290,873,827,625,559,1534,275,554,535,1704,1614,1389,1186,694,627,959,537,1339,1245,1175,1098,738,514,2026,2066,2055,1791,1352,863,1119,1008,804,772,765,0,0,-29979,-29980,-29978,-29978,-29982,-29983,-29983,-29984,-29984,-29984,-29986,-29987,-29987,-29986]} 1. d4 Nf6 2. c4 e6 3. Nf3 c5 4. d5 b5 {[%cal Bb7b5,Bb5b4][%mdl 32]} 5. Nc3 b4 $1 {[%cal Rb4c3]} 6. Na4 {E10: Blumenfeld Gambit} Bb7 {[%cal Re6d5]} 7. Bg5 d6 (7... h6 8. Bxf6 Qxf6 9. e4 d6 10. a3 Nd7 11. axb4 cxb4 12. Qd2 Rb8 13. Be2 Be7 {1-0 (53) Gagare,S (2470)-Wei,Y (2730) Doha 2015}) 8. e4 {The position is equal.} Nbd7 $146 ({Predecessor:} 8... h6 9. Bxf6 Qxf6 10. Bd3 Nd7 11. O-O g5 12. Re1 g4 13. Nd2 Ne5 14. Bf1 h5 15. a3 h4 16. axb4 g3 17. fxg3 hxg3 18. h3 Qf2+ 19. Kh1 Rxh3+ {0-1 (19) Mona,K (2173)-Adly,A (2597) Chania 2014}) 9. Bd3 Be7 {[%cal Re6d5]} 10. Qd2 h6 11. Bf4 e5 12. Bg3 Nh5 13. b3 O-O 14. Nb2 Bc8 15. Nd1 f5 16. exf5 e4 (16... Re8 $11 {remains equal.} 17. Qc2 Nf4 18. Bxf4 exf4) 17. Bxe4 $16 Bf6 18. Rc1 Re8 19. Qc2 $1 Qe7 20. Nd2 Bg5 21. f3 $1 (21. Ne3 Ndf6 $17) 21... Ndf6 22. O-O Nxg3 23. hxg3 Qe5 ({Better is} 23... Nh5 $1 $14) 24. f4 Qd4+ 25. Nf2 Nxe4 26. Ndxe4 Bxf5 27. Rfe1 $36 {[%mdl 2048] White is on the roll.} Bxe4 28. Rxe4 Rxe4 29. Qxe4 Bf6 (29... Qxe4 $16 {was called for.} 30. Nxe4 Be7) 30. Rd1 $2 (30. Qe6+ $18 Kh8 31. Qe2 (31. Qxd6 Qe3 $14)) 30... Qc3 $2 ({Black should play} 30... Qb2 $1 $14) 31. Kh2 $18 Bd4 $2 (31... Qb2 {was necessary.}) 32. Qe6+ Kh8 33. Ne4 Qc2 34. Re1 Bc3 35. Rh1 Qe2 36. Qg6 Rd8 37. Qe6 $2 (37. Nxd6 $2 Rxd6 $1 {[%mdl 512]} 38. Qf5 (38. Qxd6 $2 Qh5+ 39. Kg1 Bd4+ 40. Kf1 Qd1#) 38... Rf6 $19) ({White should try} 37. Kh3 $18) 37... Qh5+ (37... Ra8 $1 $11) 38. Qh3 $16 Qxh3+ (38... Qe2 $16 39. Ng5 Kg8) 39. Kxh3 {[%mdl 4096] Endgame KRB-KRN} Bd4 40. Kg4 Kg8 41. Re1 a5 (41... Bc3 {might work better.}) 42. Kh5 $18 Kh7 43. f5 Be5 44. g4 a4 {[#]} (44... Rh8 $142 45. Re2 Rc8) 45. Nxc5 $1 {[%mdl 512]} Bc3 {aiming for ...axb3.} (45... dxc5 46. Rxe5) 46. Ne6 Ra8 47. Rb1 axb3 48. axb3 Ra2 49. g5 Rxg2 $2 (49... hxg5 50. g3 (50. Kxg5 Rxg2+ 51. Kh4 Kg8 $16) 50... Kg8 51. Nxg5 (51. Kxg5 Be5 $18) 51... Kf8) 50. g6+ Kg8 51. Rh1 Be5 52. Rh3 $2 (52. c5 Ra2 53. c6) 52... Rg1 $2 (52... Rf2 53. Kg4 h5+ {[%mdl 64] Decoy} 54. Kxh5 Rxf5+ 55. Kg4 Rf6) 53. Re3 {Threatens to win with Rxe5!} Bf6 54. Re2 Rh1+ 55. Kg4 h5+ 56. Kg3 Rb1 57. Nc5 {[%cal Re2e8]} Be5+ 58. Rxe5 dxe5 {KR-KN} 59. d6 Kf8 60. Kh4 {Ne6+ is the strong threat.} Rd1 (60... Ke8 $142 61. Ne4 Re1) 61. Ne6+ Kg8 62. c5 e4 63. Kxh5 {Black must now prevent Kg4.} e3 64. Nf4 $1 (64. c6 Rxd6 65. Nd4 Rxc6 $3 $19 {[%mdl 512]}) 64... Kf8 65. Kg4 Rd4 {[#]} 66. Kf3 $2 (66. c6 $1 $18 {[%cal Rc6c7] Threatening mate with c7.} Rxd6 67. c7) 66... Rxf4+ $1 $11 67. Kxe3 $2 {[%mdl 8192]} (67. Kxf4 $11 e2 68. d7) 67... Rxf5 {KR-KP. Black mates.} 68. Kd4 Ke8 69. c6 Rg5 70. Kc4 Rxg6 71. Kc5 Kd8 72. Kxb4 Rxd6 73. Kc5 Kc7 {Accuracy: White = 65%, Black = 41%.} 0-1

[Event "33rd Pula Open 2019"]
[Site "Pula"]
[Date "2019.06.25"]
[Round "5.11"]
[White "Fercec, Nenad"]
[Black "Bozinovic, Bogdan"]
[Result "1-0"]
[WhiteElo "2446"]
[BlackElo "2194"]
[Annotator "NA"]
[PlyCount "73"]
[EventDate "2019.06.22"]
[EventType "swiss"]
[EventCountry "CRO"]
[SourceTitle "playchess.com"]
[Source "ChessBase"]
[SourceQuality "1"]
[TimeControl "5400+30"]

1. e4 {[%emt 0:01:30]} c5 {[%emt 0:01:30]} 2. Nf3 {[%emt 0:00:30]} d6 {[%emt 0:00:30]} 3. d4 {[%emt 0:00:00]} cxd4 {[%emt 0:00:30]} 4. Nxd4 {[%emt 0:00:00]} Nf6 {[%emt 0:00:00]} 5. Nc3 {[%emt 0:00:30]} a6 {[%emt 0:00:00]} 6. Bg5 {[%emt 0:00:00]} e6 {[%emt 0:01:30]} 7. f4 {[%emt 0:00:00]} Be7 {[%emt 0:01:30]} 8. Qf3 {[%emt 0:00:30]} h6 {[%emt 0:01:30]} 9. Bh4 {[%emt 0:00:00]} Qc7 {[%emt 0:00:30]} 10. O-O-O {[%emt 0:00:00]} Nbd7 {[%emt 0:01:30]} 11. Bd3 {[%emt 0:00:30]} g5 {[%emt 0:01:30]} 12. fxg5 {[%emt 0:00:30]} Ne5 {[%emt 0:00:00]} 13. Qe2 {[%emt 0:00:30]} Nh7 {[%emt 0:02:00]} 14. Qh5 {[%emt 0:06:30]} hxg5 {[%emt 0:03:30]} 15. Bg3 {[%emt 0:00:30]} Bf6 {[%emt 0:08:30]} 16. Bb5+ {[%emt 0:45:30]} Kf8 {[%emt 0:29:30]} 17. Rhf1 {[%emt 0:00:30]} Qe7 {[%emt 0:03:30]} 18. Ba4 {[%emt 0:05:30]} g4 {[%emt 0:05:30]} 19. Qh6+ {[%emt 0:00:30]} Kg8 {[%emt 0:01:30]} 20. Qd2 {[%emt 0:00:30]} Nc4 {[%emt 0:08:30]} 21. Qf2 {[%emt 0:08:30]} Bg5+ {[%emt 0:02:30]} 22. Kb1 {[%emt 0:00:00]} Ne3 {[%emt 0:03:30]} 23. Bxd6 {[%emt 0:02:00]} Nxd1 {[%emt 0:00:00]} 24. Nxd1 {[%emt 0:01:30]} Qf6 {[%emt 0:01:00]} 25. Qg1 {[%emt 0:02:30]} Qg6 {[%emt 0:02:30]} 26. e5 {[%emt 0:03:30]} b5 {[%emt 0:04:28]} 27. Bb3 {[%emt 0:00:00]} Bb7 {[%emt 0:00:11]} 28. Qf2 {[%emt 0:00:00]} Re8 {[%emt 0:07:21]} 29. a4 {[%emt 0:05:56]} Nf8 {[%emt 0:00:43]} 30. g3 {[%emt 0:04:02]} Bd8 {[%emt 0:01:02]} 31. Ne3 {[%emt 0:03:08]} Rh7 {[%emt 0:01:08]} 32. Qe2 {[%emt 0:00:17]} Bb6 {[%emt 0:05:34]} 33. Nxg4 {[%emt 0:00:23]} Nd7 {[%emt 0:00:16]} 34. Rf4 {[%emt 0:00:34]} Bd8 {[%emt 0:01:14]} 35. h4 {[%emt 0:00:38]} Nb6 {[%emt 0:01:48]} 36. axb5 {[%emt 0:02:00]} a5 {[%emt 0:00:58]} 37. Nc6 {[%emt 0:00:40]} 1-0

[Event "33rd Pula Open 2019"]
[Site "Pula"]
[Date "2019.06.25"]
[Round "5.12"]
[White "Dijkhuis, Oele"]
[Black "Berezjuk, Sergej"]
[Result "0-1"]
[WhiteElo "2161"]
[BlackElo "2411"]
[Annotator "NA"]
[PlyCount "92"]
[EventDate "2019.06.22"]
[EventType "swiss"]
[EventCountry "CRO"]
[SourceTitle "playchess.com"]
[Source "ChessBase"]
[SourceQuality "1"]
[TimeControl "5400+30"]

1. e3 {[%emt 0:04:30]} Nf6 {[%emt 0:01:30]} 2. b3 {[%emt 0:00:30]} e5 {[%emt 0:01:30]} 3. Bb2 {[%emt 0:00:30]} Nc6 {[%emt 0:00:00]} 4. Bb5 {[%emt 0:00:30]} Bd6 {[%emt 0:00:00]} 5. Nf3 {[%emt 0:13:30]} e4 {[%emt 0:19:30]} 6. Ng1 {[%emt 0:02:30]} Be5 {[%emt 0:04:30]} 7. Bxe5 {[%emt 0:07:30]} Nxe5 {[%emt 0:00:30]} 8. Be2 {[%emt 0:28:30]} d5 {[%emt 0:03:30]} 9. d4 {[%emt 0:02:30]} Ng6 {[%emt 0:02:30]} 10. c4 {[%emt 0:00:30]} c6 {[%emt 0:01:30]} 11. Nc3 {[%emt 0:02:30]} Nh4 {[%emt 0:03:30]} 12. g3 {[%emt 0:06:30]} Nf5 {[%emt 0:00:30]} 13. cxd5 {[%emt 0:00:30]} cxd5 {[%emt 0:00:30]} 14. Bb5+ {[%emt 0:02:30]} Kf8 {[%emt 0:01:30]} 15. h4 {[%emt 0:02:30]} Nd6 {[%emt 0:01:30]} 16. Be2 {[%emt 0:00:30]} h5 {[%emt 0:03:30]} 17. Rc1 {[%emt 0:02:54]} g6 {[%emt 0:07:30]} 18. Qd2 {[%emt 0:02:40]} Kg7 {[%emt 0:01:30]} 19. Nb5 {[%emt 0:01:20]} Nxb5 {[%emt 0:10:30]} 20. Bxb5 {[%emt 0:00:01]} Qd6 {[%emt 0:01:30]} 21. Kf1 {[%emt 0:01:16]} Bf5 {[%emt 0:05:30]} 22. Kg2 {[%emt 0:04:08]} Qe6 {[%emt 0:02:30]} 23. Nh3 {[%emt 0:00:55]} Bxh3+ {[%emt 0:10:26]} 24. Rxh3 {[%emt 0:00:01]} Rac8 {[%emt 0:00:10]} 25. Rhh1 {[%emt 0:00:26]} Qf5 {[%emt 0:00:37]} 26. Be2 {[%emt 0:00:43]} Ng4 {[%emt 0:00:38]} 27. Bxg4 {[%emt 0:00:10]} hxg4 {[%emt 0:00:04]} 28. Rhe1 {[%emt 0:04:27]} g5 {[%emt 0:03:09]} 29. Rxc8 {[%emt 0:00:54]} Qf3+ {[%emt 0:02:35]} 30. Kg1 {[%emt 0:00:42]} gxh4 {[%emt 0:01:51]} 31. Qe2 {[%emt 0:05:59]} Rxc8 {[%emt 0:01:13]} 32. Qxf3 {[%emt 0:02:47]} gxf3 {[%emt 0:00:27]} 33. gxh4 {[%emt 0:00:22]} Rc2 {[%emt 0:01:14]} 34. a3 {[%emt 0:00:27]} Kg6 {[%emt 0:01:03]} 35. Rf1 {[%emt 0:00:46]} Kh5 {[%emt 0:00:49]} 36. b4 {[%emt 0:00:15]} Kxh4 {[%emt 0:00:51]} 37. b5 {[%emt 0:00:26]} b6 {[%emt 0:00:47]} 38. Kh2 {[%emt 0:00:30]} f5 {[%emt 0:01:52]} 39. Rh1 {[%emt 0:00:20]} f4 {[%emt 0:03:35]} 40. Kg1+ {[%emt 0:00:55]} Kg4 {[%emt 0:00:09]} 41. Rh7 {[%emt 0:00:19]} Rc1+ {[%emt 0:00:20]} 42. Kh2 {[%emt 0:00:03]} fxe3 {[%emt 0:00:08]} 43. fxe3 {[%emt 0:00:19]} f2 {[%emt 0:00:14]} 44. Rg7+ {[%emt 0:00:55]} Kf3 {[%emt 0:00:23]} 45. Rg1 {[%emt 0:00:45]} fxg1=Q+ {[%emt 0:00:30]} 46. Kh3 {[%emt 0:00:05]} Qh1# {[%emt 0:00:16]} 0-1

[Event "33rd Pula Open 2019"]
[Site "Pula"]
[Date "2019.06.25"]
[Round "5.13"]
[White "Urh, Zala"]
[Black "Grishchenko, Sergey"]
[Result "1-0"]
[WhiteElo "2127"]
[BlackElo "2411"]
[Annotator "NA"]
[PlyCount "65"]
[EventDate "2019.06.22"]
[EventType "swiss"]
[EventCountry "CRO"]
[SourceTitle "playchess.com"]
[Source "ChessBase"]
[SourceQuality "1"]
[TimeControl "5400+30"]

1. e4 {[%emt 0:00:30]} c6 {[%emt 0:00:30]} 2. d4 {[%emt 0:00:30]} d5 {[%emt 0:00:00]} 3. Nc3 {[%emt 0:00:30]} dxe4 {[%emt 0:00:00]} 4. Nxe4 {[%emt 0:00:00]} Nf6 {[%emt 0:00:00]} 5. Nxf6+ {[%emt 0:00:00]} gxf6 {[%emt 0:00:00]} 6. c3 {[%emt 0:00:30]} Qd5 {[%emt 0:01:30]} 7. Be3 {[%emt 0:00:30]} Bf5 {[%emt 0:01:30]} 8. Nf3 {[%emt 0:00:30]} Nd7 {[%emt 0:01:30]} 9. g3 {[%emt 0:03:30]} Nb6 {[%emt 0:12:30]} 10. Bg2 {[%emt 0:00:30]} Qc4 {[%emt 0:03:30]} 11. Nh4 {[%emt 0:03:30]} Bd3 {[%emt 0:01:30]} 12. Qd2 {[%emt 0:03:30]} e5 {[%emt 0:32:30]} 13. b3 {[%emt 0:07:30]} Qa6 {[%emt 0:04:30]} 14. Rd1 {[%emt 0:01:30]} e4 {[%emt 0:00:00]} 15. f3 {[%emt 0:01:30]} f5 {[%emt 0:00:00]} 16. Bh3 {[%emt 0:08:30]} f4 {[%emt 0:14:30]} 17. Bxf4 {[%emt 0:03:30]} Nd5 {[%emt 0:00:30]} 18. fxe4 {[%emt 0:04:30]} Bxe4 {[%emt 0:01:30]} 19. Rf1 {[%emt 0:00:30]} Be7 {[%emt 0:08:44]} 20. Bf5 {[%emt 0:06:30]} Bxf5 {[%emt 0:12:36]} 21. Nxf5 {[%emt 0:00:00]} O-O-O {[%emt 0:01:42]} 22. Nxe7+ {[%emt 0:01:00]} Nxe7 {[%emt 0:00:04]} 23. Kf2 {[%emt 0:04:30]} Qa5 {[%emt 0:00:31]} 24. Kg1 {[%emt 0:01:30]} Ng6 {[%emt 0:00:51]} 25. Rde1 {[%emt 0:04:30]} Rhe8 {[%emt 0:00:39]} 26. Bg5 {[%emt 0:01:30]} Rxe1 {[%emt 0:00:10]} 27. Rxe1 {[%emt 0:00:30]} Rd5 {[%emt 0:00:06]} 28. h4 {[%emt 0:06:30]} Rf5 {[%emt 0:00:31]} 29. Qe3 {[%emt 0:01:30]} Qd5 {[%emt 0:01:08]} 30. c4 {[%emt 0:00:30]} Qd7 {[%emt 0:00:55]} 31. h5 {[%emt 0:08:30]} h6 {[%emt 0:01:02]} 32. hxg6 {[%emt 0:02:30]} Rxg5 {[%emt 0:00:19]} 33. Qe8+ {[%emt 0:00:00]} 1-0

[Event "33rd Pula Open 2019"]
[Site "Pula"]
[Date "2019.06.25"]
[Round "5.14"]
[White "Biti, Ozren"]
[Black "Blagojevic, Marijan"]
[Result "1/2-1/2"]
[WhiteElo "2374"]
[BlackElo "2192"]
[Annotator "NA"]
[PlyCount "108"]
[EventDate "2019.06.22"]
[EventType "swiss"]
[EventCountry "CRO"]
[SourceTitle "playchess.com"]
[Source "ChessBase"]
[SourceQuality "1"]
[TimeControl "5400+30"]

1. e4 {[%emt 0:00:30]} c5 {[%emt 0:00:30]} 2. Nc3 {[%emt 0:00:00]} a6 {[%emt 0:00:30]} 3. g3 {[%emt 0:02:00]} Nc6 {[%emt 0:00:30]} 4. Bg2 {[%emt 0:00:30]} g6 {[%emt 0:00:30]} 5. d3 {[%emt 0:02:30]} Bg7 {[%emt 0:01:30]} 6. f4 {[%emt 0:02:30]} d6 {[%emt 0:00:30]} 7. Nf3 {[%emt 0:02:30]} Bg4 {[%emt 0:02:30]} 8. Nd5 {[%emt 0:05:30]} Nd4 {[%emt 0:02:30]} 9. Ne3 {[%emt 0:09:30]} Bxf3 {[%emt 0:00:30]} 10. Bxf3 {[%emt 0:00:30]} Nxf3+ {[%emt 0:01:30]} 11. Qxf3 {[%emt 0:00:00]} Qc7 {[%emt 0:05:30]} 12. O-O {[%emt 0:06:00]} e6 {[%emt 0:20:30]} 13. Nc4 {[%emt 0:13:30]} O-O-O {[%emt 0:07:30]} 14. e5 {[%emt 0:07:30]} d5 {[%emt 0:01:30]} 15. Nd6+ {[%emt 0:00:30]} Kb8 {[%emt 0:03:30]} 16. c4 {[%emt 0:05:30]} dxc4 {[%emt 0:08:30]} 17. dxc4 {[%emt 0:04:30]} Bf8 {[%emt 0:01:30]} 18. Ne4 {[%emt 0:05:30]} Ne7 {[%emt 0:04:30]} 19. b3 {[%emt 0:05:30]} Nf5 {[%emt 0:01:30]} 20. Bb2 {[%emt 0:00:30]} h5 {[%emt 0:00:30]} 21. Rad1 {[%emt 0:03:30]} Be7 {[%emt 0:05:30]} 22. Nd6 {[%emt 0:02:30]} Rh7 {[%emt 0:05:30]} 23. Rd3 {[%emt 0:01:31]} Ka7 {[%emt 0:06:45]} 24. Rfd1 {[%emt 0:08:35]} Nxd6 {[%emt 0:05:45]} 25. exd6 {[%emt 0:00:07]} Rxd6 {[%emt 0:00:06]} 26. Rxd6 {[%emt 0:02:43]} Bxd6 {[%emt 0:00:07]} 27. Qd3 {[%emt 0:00:17]} Bf8 {[%emt 0:05:40]} 28. Be5 {[%emt 0:03:01]} Qe7 {[%emt 0:00:40]} 29. Qe3 {[%emt 0:03:28]} Qe8 {[%emt 0:00:58]} 30. Bd6 {[%emt 0:00:48]} Bxd6 {[%emt 0:00:43]} 31. Rxd6 {[%emt 0:00:02]} Qc8 {[%emt 0:00:59]} 32. b4 {[%emt 0:00:14]} b6 {[%emt 0:01:02]} 33. a3 {[%emt 0:02:42]} Qc7 {[%emt 0:03:45]} 34. bxc5 {[%emt 0:01:08]} bxc5 {[%emt 0:00:59]} 35. Qe5 {[%emt 0:00:51]} f6 {[%emt 0:01:52]} 36. Qxe6 {[%emt 0:00:20]} Re7 {[%emt 0:00:21]} 37. Rxa6+ {[%emt 0:00:27]} Kb7 {[%emt 0:00:02]} 38. Rb6+ {[%emt 0:00:38]} Qxb6 {[%emt 0:00:47]} 39. Qxe7+ {[%emt 0:00:08]} Ka6 {[%emt 0:00:18]} 40. Qe4 {[%emt 0:00:36]} Qd6 {[%emt 0:01:32]} 41. Qxg6 {[%emt 0:01:13]} h4 {[%emt 0:00:02]} 42. gxh4 {[%emt 0:00:34]} Qxf4 {[%emt 0:00:35]} 43. h5 {[%emt 0:00:32]} Qe3+ {[%emt 0:00:48]} 44. Kg2 {[%emt 0:00:12]} Qe2+ {[%emt 0:00:14]} 45. Kg3 {[%emt 0:00:32]} Qe3+ {[%emt 0:00:13]} 46. Kg4 {[%emt 0:00:31]} Qe2+ {[%emt 0:00:30]} 47. Kg3 {[%emt 0:00:34]} Qe3+ {[%emt 0:00:02]} 48. Kg4 {[%emt 0:00:22]} Qe2+ {[%emt 0:00:02]} 49. Kf4 {[%emt 0:00:43]} Qxh2+ {[%emt 0:00:15]} 50. Kf5 {[%emt 0:00:38]} Qe5+ {[%emt 0:00:01]} 51. Kg4 {[%emt 0:00:06]} Qe2+ {[%emt 0:00:05]} 52. Kg3 {[%emt 0:00:41]} Qe3+ {[%emt 0:00:02]} 53. Kg2 {[%emt 0:00:29]} Qe2+ {[%emt 0:00:04]} 54. Kg3 {[%emt 0:00:36]} Qe3+ {[%emt 0:00:04]} 1/2-1/2

[Event "33rd Pula Open 2019"]
[Site "Pula"]
[Date "2019.06.25"]
[Round "5.15"]
[White "Roorda, Thijs"]
[Black "Jelen, Igor"]
[Result "0-1"]
[WhiteElo "2111"]
[BlackElo "2353"]
[Annotator "NA"]
[PlyCount "94"]
[EventDate "2019.06.22"]
[EventType "swiss"]
[EventCountry "CRO"]
[SourceTitle "playchess.com"]
[Source "ChessBase"]
[SourceQuality "1"]
[TimeControl "5400+30"]

1. d4 {[%emt 0:00:30]} Nf6 {[%emt 0:00:30]} 2. Nf3 {[%emt 0:00:00]} g6 {[%emt 0:00:00]} 3. g3 {[%emt 0:00:00]} Bg7 {[%emt 0:00:00]} 4. Bg2 {[%emt 0:00:00]} O-O {[%emt 0:00:00]} 5. O-O {[%emt 0:00:00]} d5 {[%emt 0:00:00]} 6. c4 {[%emt 0:00:30]} dxc4 {[%emt 0:01:30]} 7. Na3 {[%emt 0:00:00]} Nc6 {[%emt 0:01:30]} 8. Nxc4 {[%emt 0:03:00]} Be6 {[%emt 0:00:30]} 9. b3 {[%emt 0:02:30]} a5 {[%emt 0:00:30]} 10. Bb2 {[%emt 0:02:30]} a4 {[%emt 0:00:30]} 11. Ng5 {[%emt 0:02:30]} Bd5 {[%emt 0:03:30]} 12. e4 {[%emt 0:01:30]} Bxc4 {[%emt 0:01:30]} 13. bxc4 {[%emt 0:00:00]} a3 {[%emt 0:00:30]} 14. Bc3 {[%emt 0:00:00]} Nd7 {[%emt 0:01:30]} 15. Nf3 {[%emt 0:20:30]} Nb6 {[%emt 0:15:30]} 16. Qd3 {[%emt 0:07:30]} Nxd4 {[%emt 0:09:30]} 17. Nxd4 {[%emt 0:09:30]} c5 {[%emt 0:16:30]} 18. Rfd1 {[%emt 0:07:30]} cxd4 {[%emt 0:00:30]} 19. Bxd4 {[%emt 0:00:00]} Bxd4 {[%emt 0:00:30]} 20. Qxd4 {[%emt 0:00:00]} Qxd4 {[%emt 0:00:30]} 21. Rxd4 {[%emt 0:00:30]} e5 {[%emt 0:00:30]} 22. Rd3 {[%emt 0:03:30]} Nxc4 {[%emt 0:00:30]} 23. Rb3 {[%emt 0:01:30]} Rfb8 {[%emt 0:10:30]} 24. Rd1 {[%emt 0:07:30]} b5 {[%emt 0:15:30]} 25. Bf1 {[%emt 0:03:30]} Nb2 {[%emt 0:01:16]} 26. Rd5 {[%emt 0:01:30]} b4 {[%emt 0:00:11]} 27. Rxe5 {[%emt 0:07:30]} Na4 {[%emt 0:06:08]} 28. Bc4 {[%emt 0:05:57]} Nc3 {[%emt 0:02:51]} 29. Re7 {[%emt 0:00:05]} Kh8 {[%emt 0:04:40]} 30. Rxf7 {[%emt 0:08:44]} Ra5 {[%emt 0:02:53]} 31. Rc7 {[%emt 0:01:16]} Nxe4 {[%emt 0:02:38]} 32. Re3 {[%emt 0:00:07]} Rc5 {[%emt 0:00:25]} 33. Rxc5 {[%emt 0:03:22]} Nxc5 {[%emt 0:00:05]} 34. Re5 {[%emt 0:00:59]} Rc8 {[%emt 0:00:46]} 35. Re1 {[%emt 0:00:28]} Kg7 {[%emt 0:00:14]} 36. Rb1 {[%emt 0:00:43]} Rb8 {[%emt 0:00:08]} 37. Kf1 {[%emt 0:00:15]} Ne4 {[%emt 0:00:41]} 38. Rd1 {[%emt 0:00:22]} Kf6 {[%emt 0:00:17]} 39. f4 {[%emt 0:00:47]} Rc8 {[%emt 0:01:18]} 40. Bb3 {[%emt 0:01:14]} Rc3 {[%emt 0:00:53]} 41. Rd7 {[%emt 0:00:59]} g5 {[%emt 0:01:20]} 42. Rb7 {[%emt 0:01:34]} Nd2+ {[%emt 0:00:33]} 43. Ke2 {[%emt 0:00:09]} Nxb3 {[%emt 0:00:07]} 44. Rb6+ {[%emt 0:00:47]} Kf5 {[%emt 0:00:38]} 45. axb3 {[%emt 0:00:36]} Rxb3 {[%emt 0:00:15]} 46. Rb5+ {[%emt 0:00:10]} Ke4 {[%emt 0:00:26]} 47. Kd2 {[%emt 0:00:20]} a2 {[%emt 0:00:16]} 0-1